| 000 | 00630nam a2200205Ia 4500 | ||
|---|---|---|---|
| 005 | 20260114154825.0 | ||
| 008 | 008 250103s9999 xx 000 0 eng d | ||
| 037 | _aTheses | ||
| 040 |
_aCRL _beng _cCRL |
||
| 041 |
_aeng _2eng |
||
| 084 | _qCRL | ||
| 100 |
_aAli Naushad Au. _9866588 |
||
| 245 | 0 | _aCritical edition of shamail-ul-anqiya wa dalail-ul-atqiya with necessary annotations | |
| 260 |
_aDelhi _bUniversity of Delhi. Faculty of Arts. Department of Persian _c2021 |
||
| 300 | _a462p. | ||
| 650 |
_aPersian Literature _9866589 |
||
| 700 |
_a Rehman Jameel UR Gu. _9866590 |
||
| 942 | _cTH | ||
| 999 |
_c1468531 _d1468531 |
||